| 000 | 00371 a2200133 4500 | ||
|---|---|---|---|
| 001 | 91335 | ||
| 082 | _aPR 1231 | ||
| 090 |
_c43451 _d43450 |
||
| 100 | _aJunaid Munir; Prof Nudrat Kazmi (Advisor) | ||
| 245 |
_aModeling of 2-Dimentional compressible Flow in COSMOS _n46 'A' EC |
||
| 260 |
_aKarachi _bNED University _c1996 |
||
| 300 | _a64p | ||
| 500 | _aBE Project Reports | ||
| 942 |
_aCAE NUST _kPR 1231 |
||
| 999 |
_c326408 _d326408 |
||